[Event "Ontario op U2100"]
[Site "Oakville CAN"]
[Date "2019.05.19"]
[Round "4.22"]
[White "Dong, Yiwei"]
[Black "Baylon, Glenda"]
[Result "1/2-1/2"]
[WhiteElo "1802"]
[BlackElo "1954"]
[PlyCount "67"]
[EventDate "2019.05.18"]
[EventType "swiss"]
[EventRounds "3"]
[EventCountry "CAN"]

1. d4 Nf6 2. Nf3 g6 3. Bf4 d6 4. c4 Bg7 5. Nc3 O-O 6. e4 Bg4 7. Be2 Nbd7 8. O-O
Bxf3 9. Bxf3 e5 10. dxe5 dxe5 11. Be3 c6 12. Qe2 Qc7 13. Rfd1 Rfd8 14. Rd2 Nf8
15. Rad1 Ne6 16. Bg4 Nd4 17. Bxd4 exd4 18. Na4 c5 19. g3 Qc6 20. Nc3 Re8 21.
Nd5 Nxe4 22. Bf3 f5 23. Qd3 Qd6 24. Re2 b5 25. Bxe4 fxe4 26. Rxe4 bxc4 27.
Rxe8+ Rxe8 28. Qxc4 Kh8 29. Nf4 a5 30. Rc1 Bh6 31. Qxc5 Bxf4 32. gxf4 Qxf4 33.
Qc6 Rf8 34. Qc2 1/2-1/2

[Event "Ontario op U2100"]
[Site "Oakville CAN"]
[Date "2019.05.19"]
[Round "4.23"]
[White "Milinkovic, Mate"]
[Black "Hua, Michelle"]
[Result "0-1"]
[WhiteElo "1851"]
[BlackElo "1792"]
[PlyCount "84"]
[EventDate "2019.05.18"]
[EventType "swiss"]
[EventRounds "3"]
[EventCountry "CAN"]

1. e4 c5 2. Nc3 d6 3. g3 g6 4. Bg2 Bg7 5. Nge2 Nf6 6. d3 O-O 7. O-O Nc6 8. h3
Rb8 9. Be3 b6 10. Qd2 Bb7 11. Bh6 Qd7 12. Bxg7 Kxg7 13. d4 cxd4 14. Nxd4 Rfc8
15. Rae1 Nxd4 16. Qxd4 Ba6 17. e5 dxe5 18. Qxd7 Nxd7 19. Rd1 Bxf1 20. Rxd7 Bxg2
21. Kxg2 a5 22. Rxe7 Re8 23. Rc7 Rbc8 24. Rb7 Rb8 25. Rc7 Red8 26. Kf3 Rbc8 27.
Rxc8 Rxc8 28. Ke4 Rd8 29. Nd5 b5 30. c3 f5+ 31. Kxe5 Re8+ 32. Kd4 Re2 33. b4 a4
34. Nc7 Rxa2 35. Nxb5 Rb2 36. Kc5 Kf6 37. c4 Ke7 38. Nc3 a3 39. b5 a2 40. Nxa2
Rxa2 41. Kc6 Kd8 42. Kb7 Rc2 0-1

[Event "Ontario op U2100"]
[Site "Oakville CAN"]
[Date "2019.05.20"]
[Round "5"]
[White "Milinkovic, Mate"]
[Black "Egorov, Mikhail"]
[Result "0-1"]
[WhiteElo "1851"]
[BlackElo "2048"]
[PlyCount "84"]
[EventDate "2019.05.18"]
[EventType "swiss"]
[EventRounds "3"]
[EventCountry "CAN"]

1. e4 e5 2. Nf3 Nc6 3. Bb5 a6 4. Ba4 Nf6 5. d3 b5 6. Bb3 Be7 7. O-O O-O 8. Re1
d6 9. c3 Kh8 10. Nbd2 Ng8 11. Nf1 f5 12. exf5 Bxf5 13. Ne3 Bg6 14. Nd5 Bh5 15.
Qe2 Nf6 16. Nxf6 Bxf6 17. Bd5 e4 18. Qxe4 Re8 19. Qf5 Bxf3 20. Rxe8+ Qxe8 21.
gxf3 Ne7 22. Qe4 Nxd5 23. Qxd5 Qe1+ 24. Kg2 Rf8 25. Qe4 Qd1 26. d4 Bg5 27. f4
Bxf4 28. Bxf4 Qxa1 29. Qe7 Rg8 30. Qxc7 Qxb2 31. Bxd6 Qxa2 32. Be5 a5 33. h4
Qd5+ 34. f3 b4 35. c4 Qd8 36. Qc6 Qxh4 37. Qb5 Qg5+ 38. Kh2 Qh6+ 39. Kg3 Qg6+
40. Kh3 Qf5+ 41. Kg3 Qd3 42. Qxa5 Qxc4 0-1

[Event "Ontario op U2100"]
[Site "Oakville CAN"]
[Date "2019.05.20"]
[Round "5.11"]
[White "Bui, Alan"]
[Black "Bergeron, Matthew"]
[Result "1-0"]
[WhiteElo "1980"]
[BlackElo "1971"]
[PlyCount "47"]
[EventDate "2019.05.18"]
[EventType "swiss"]
[EventRounds "3"]
[EventCountry "CAN"]

1. d4 Nf6 2. Nf3 e6 3. Bf4 b6 4. e3 Bb7 5. Bd3 Be7 6. Nbd2 d5 7. O-O O-O 8. Ne5
Nbd7 9. Qf3 c5 10. c3 Rc8 11. Qh3 Re8 12. Ndf3 Nf8 13. Ng5 c4 14. Nexf7 Qd7 15.
Ne5 Qb5 16. Bxh7+ N6xh7 17. Nxh7 Bf6 18. Nxf6+ gxf6 19. Qg4+ Kh8 20. Qh5+ Nh7
21. Nf7+ Kg8 22. Qg6+ Kf8 23. Bd6+ Re7 24. Nh6 1-0

[Event "Ontario op U2100"]
[Site "Oakville CAN"]
[Date "2019.05.20"]
[Round "5.12"]
[White "He, Emma"]
[Black "Brajkovic, Nikola"]
[Result "1-0"]
[WhiteElo "1992"]
[BlackElo "2030"]
[PlyCount "77"]
[EventDate "2019.05.18"]
[EventType "swiss"]
[EventRounds "3"]
[EventCountry "CAN"]

1. e4 g6 2. d4 Bg7 3. Nf3 d6 4. Bc4 Nf6 5. Qe2 O-O 6. e5 dxe5 7. dxe5 Nd5 8. h3
c6 9. O-O Qc7 10. Bb3 b5 11. Re1 Be6 12. Nc3 Nxc3 13. bxc3 Bxb3 14. cxb3 a6 15.
Bb2 c5 16. e6 Bf6 17. c4 fxe6 18. Qxe6+ Kg7 19. Qxe7+ Qxe7 20. Rxe7+ Rf7 21.
Bxf6+ Kxf6 22. Rxf7+ Kxf7 23. Rd1 Ra7 24. Ng5+ Ke8 25. Rd5 bxc4 26. bxc4 Re7
27. Rxc5 Kd7 28. Nf3 Nc6 29. Rd5+ Kc7 30. a3 Re4 31. c5 Ra4 32. Rd3 Rc4 33. Ng5
h6 34. Ne6+ Kc8 35. Rd6 Nb8 36. Kf1 g5 37. Ke2 Ra4 38. c6 Nxc6 39. Rxc6+ 1-0

[Event "Ontario op U2100"]
[Site "Oakville CAN"]
[Date "2019.05.20"]
[Round "5.13"]
[White "Malakhovets, Sergey"]
[Black "Bu, Kevin"]
[Result "1-0"]
[WhiteElo "2058"]
[BlackElo "1951"]
[PlyCount "139"]
[EventDate "2019.05.18"]
[EventType "swiss"]
[EventRounds "3"]
[EventCountry "CAN"]

1. d4 d5 2. Nf3 Nf6 3. Bf4 e6 4. e3 c5 5. Nbd2 Nc6 6. c3 Bd6 7. Bg3 O-O 8. Bd3
Re8 9. Ne5 c4 10. Bc2 Qc7 11. f4 b5 12. a3 a5 13. Bh4 Be7 14. O-O Bd7 15. Bxf6
Bxf6 16. Bxh7+ Kf8 17. Qh5 Bc8 18. Bc2 Bb7 19. e4 Nd8 20. exd5 Bxd5 21. Be4 Ra7
22. Bxd5 exd5 23. Ndf3 Ne6 24. Rae1 Kg8 25. f5 Nf8 26. Ng4 Raa8 27. Nfe5 Nh7
28. Nxf6+ Nxf6 29. Qg5 Qe7 30. Ng4 Ne4 31. Qxe7 Rxe7 32. f6 Re6 33. fxg7 Kxg7
34. Ne3 Nd2 35. Rf2 Rae8 36. Rxd2 Rxe3 37. Rxe3 Rxe3 38. Kf2 Re4 39. g3 Kg6 40.
Re2 f5 41. Re3 Kg5 42. Kf3 Kh5 43. h3 Kg5 44. Kf2 Kh5 45. g4+ fxg4 46. Rxe4
dxe4 47. hxg4+ Kxg4 48. Ke3 Kf5 49. a4 b4 50. d5 Ke5 51. d6 Kxd6 52. Kxe4 Kc5
53. Ke5 Kc6 54. Kd4 bxc3 55. bxc3 Kd6 56. Kxc4 Kc6 57. Kd4 Kd6 58. c4 Kc6 59.
c5 Kc7 60. Kd5 Kd7 61. c6+ Kc7 62. Kc5 Kc8 63. Kb6 Kb8 64. Kxa5 Ka7 65. Kb5 Kb8
66. Kc5 Kc7 67. a5 Kc8 68. Kd6 Kd8 69. a6 Kc8 70. a7 1-0

[Event "Ontario op U2100"]
[Site "Oakville CAN"]
[Date "2019.05.20"]
[Round "5.14"]
[White "Dela Torre, Marife O"]
[Black "Fernando, Ronald"]
[Result "1/2-1/2"]
[WhiteElo "2073"]
[BlackElo "2037"]
[PlyCount "60"]
[EventDate "2019.05.18"]
[EventType "swiss"]
[EventRounds "3"]
[EventCountry "CAN"]

1. e4 c5 2. Nf3 Qc7 3. c3 d6 4. d4 e6 5. Bd3 Nd7 6. O-O Ngf6 7. Re1 e5 8. Nbd2
Be7 9. dxe5 dxe5 10. a4 O-O 11. Nc4 Rd8 12. Qc2 b6 13. Bg5 Bb7 14. Bxf6 Bxf6
15. Ne3 g6 16. Bc4 Bg7 17. Ng5 Rf8 18. Rad1 Nf6 19. f3 h6 20. Nh3 Rad8 21. Nf2
h5 22. Qb3 Bh6 23. Nc2 Kg7 24. Na3 a6 25. Bf1 Bd2 26. Re2 Bh6 27. Ree1 Bd2 28.
Re2 Bh6 29. Ree1 Bd2 30. Re2 Bh6 1/2-1/2

[Event "Ontario op U2100"]
[Site "Oakville CAN"]
[Date "2019.05.20"]
[Round "5.15"]
[White "Yuen, Noah"]
[Black "England, Max"]
[Result "1/2-1/2"]
[WhiteElo "1716"]
[BlackElo "2046"]
[PlyCount "91"]
[EventDate "2019.05.18"]
[EventType "swiss"]
[EventRounds "3"]
[EventCountry "CAN"]

1. d4 Nf6 2. c4 e6 3. Nf3 Bb4+ 4. Nbd2 b6 5. a3 Bxd2+ 6. Qxd2 Bb7 7. e3 Ne4 8.
Qc2 O-O 9. Be2 d6 10. b4 Nd7 11. Bb2 f5 12. Rd1 Ndf6 13. O-O Qe7 14. Ne1 Ng5
15. d5 e5 16. f3 g6 17. Qd2 h6 18. Nd3 Kh7 19. Nf2 Rad8 20. f4 Nge4 21. Nxe4
Nxe4 22. Qe1 c6 23. dxc6 Bxc6 24. Bf3 Ba4 25. Rd5 Nf6 26. Rd2 Rfe8 27. fxe5
dxe5 28. Rxd8 Qxd8 29. Qc3 Qc7 30. b5 Qc5 31. Bc6 Re7 32. Qb4 Ng4 33. Qxc5 bxc5
34. e4 Ne3 35. Rc1 f4 36. Bd5 Bc2 37. Bc3 Bd3 38. Bd2 Nc2 39. Kf2 h5 40. Bc3
Nxa3 41. Bb2 Nc2 42. Rd1 Nb4 43. Ba3 Bc2 44. Rd2 Ba4 45. Bxb4 cxb4 46. Ra2
1/2-1/2

[Event "Ontario op U2100"]
[Site "Oakville CAN"]
[Date "2019.05.20"]
[Round "5.16"]
[White "Casareno, Erwin"]
[Black "Gilani, Mysha"]
[Result "1-0"]
[WhiteElo "2046"]
[BlackElo "1763"]
[PlyCount "135"]
[EventDate "2019.05.18"]
[EventType "swiss"]
[EventRounds "3"]
[EventCountry "CAN"]

1. e4 e5 2. Nf3 Nc6 3. Bb5 a6 4. Ba4 Nf6 5. d3 b5 6. Bb3 Be7 7. O-O d6 8. c3
O-O 9. h3 Bb7 10. Re1 Na5 11. Bc2 c5 12. Nbd2 Bc8 13. Nf1 Bd7 14. Ne3 Rc8 15.
Bd2 Nc6 16. a4 b4 17. Nd5 a5 18. Bb3 Nxd5 19. exd5 Nb8 20. Qe2 Re8 21. Rac1 Bf5
22. Bc4 Bg6 23. Bb5 Nd7 24. cxb4 axb4 25. a5 f5 26. Ra1 Bf6 27. Ra2 Bf7 28. Bc4
Ra8 29. Rea1 e4 30. dxe4 Rxe4 31. Qf1 Bh5 32. Bd3 Bxf3 33. gxf3 Rh4 34. Bxf5 b3
35. Ra4 Rxa4 36. Rxa4 Bxb2 37. Qb5 Ne5 38. Qxb3 Qf6 39. Be6+ Kh8 40. Rf4 Qg6+
41. Kh2 Bd4 42. Be3 Bxe3 43. fxe3 Qh5 44. Bg4 Nxg4+ 45. fxg4 Qe5 46. Kg2 g5 47.
Rf5 Qe4+ 48. Kf2 Qe7 49. Qc3+ Kg8 50. Qf6 Qxf6 51. Rxf6 Rxa5 52. Rxd6 c4 53. e4
c3 54. Rc6 Ra2+ 55. Ke3 Rh2 56. Rxc3 Rxh3+ 57. Kd4 Rh4 58. Rg3 Kf8 59. Ke5 Ke7
60. Kf5 h6 61. e5 Rh1 62. Ra3 Rd1 63. Ra7+ Kd8 64. d6 Rc1 65. e6 Rc6 66. Ra8+
Rc8 67. e7+ Kd7 68. Rxc8 1-0

[Event "Ontario op U2100"]
[Site "Oakville CAN"]
[Date "2019.05.20"]
[Round "5.17"]
[White "Liu, Henry"]
[Black "McDonald, Mike"]
[Result "0-1"]
[WhiteElo "1985"]
[BlackElo "1750"]
[PlyCount "54"]
[EventDate "2019.05.18"]
[EventType "swiss"]
[EventRounds "3"]
[EventCountry "CAN"]

1. c4 e5 2. g3 c6 3. d3 d5 4. b3 Nf6 5. Bg2 Bb4+ 6. Bd2 Bxd2+ 7. Nxd2 O-O 8.
Ngf3 e4 9. Ne5 Re8 10. d4 Nbd7 11. Nxd7 Bxd7 12. e3 Bg4 13. Qc2 Rc8 14. h3 Bh5
15. O-O Qd6 16. Qc3 h6 17. b4 Nh7 18. a4 Ng5 19. Rfb1 Bf3 20. Nxf3 exf3 21. Bf1
dxc4 22. Qxc4 Rxe3 23. h4 Ne4 24. Qc2 Re8 25. fxe3 f2+ 26. Kh1 Qxg3 27. Rb2
Qg1# 0-1

[Event "Ontario op U2100"]
[Site "Oakville CAN"]
[Date "2019.05.20"]
[Round "5.18"]
[White "Zheng, Kevin"]
[Black "Locham, Divjot"]
[Result "1/2-1/2"]
[WhiteElo "1908"]
[BlackElo "1685"]
[PlyCount "62"]
[EventDate "2019.05.18"]
[EventType "swiss"]
[EventRounds "3"]
[EventCountry "CAN"]

1. d4 d5 2. c4 dxc4 3. Nf3 Nf6 4. e3 a6 5. Bxc4 b5 6. Bb3 Bb7 7. O-O e6 8. Qe2
Bd6 9. a3 Nbd7 10. Nc3 c5 11. Rd1 Qc7 12. Bc2 O-O 13. h3 Rfd8 14. e4 cxd4 15.
Nxd4 Rac8 16. Bg5 h6 17. Bxf6 Nxf6 18. Rac1 Qb8 19. Bb3 Nxe4 20. Nxe4 Rxc1 21.
Rxc1 Bh2+ 22. Kh1 Rxd4 23. Nc5 Bf4 24. Rc2 Qd8 25. Rc3 Rd2 26. Qe1 Bd5 27. Bc2
a5 28. b4 axb4 29. axb4 Qa8 30. Kg1 Bxg2 31. Nxe6 Qe8 1/2-1/2

[Event "Ontario op U2100"]
[Site "Oakville CAN"]
[Date "2019.05.20"]
[Round "5.19"]
[White "Jacobs, Michael"]
[Black "Vlasov, John"]
[Result "1-0"]
[WhiteElo "1779"]
[BlackElo "1817"]
[PlyCount "57"]
[EventDate "2019.05.18"]
[EventType "swiss"]
[EventRounds "3"]
[EventCountry "CAN"]

1. e4 c5 2. Nf3 e6 3. d4 cxd4 4. Nxd4 a6 5. Nc3 b5 6. a3 Bb7 7. b4 Qc7 8. Bb2
Nf6 9. Bd3 Be7 10. O-O O-O 11. Qe2 d6 12. Kh1 Nbd7 13. f4 Rfd8 14. Rae1 Nf8 15.
e5 Nd5 16. Nxd5 Bxd5 17. Qg4 g6 18. exd6 Bxd6 19. f5 h5 20. Qg5 Nh7 21. Qh6 Bf8
22. fxg6 Bxh6 23. gxh7+ Kh8 24. Nxe6+ f6 25. Bxf6+ Qg7 26. Bxg7+ Bxg7 27. Nxd8
Rxd8 28. Re7 h4 29. h3 1-0

[Event "Ontario op U2100"]
[Site "Oakville CAN"]
[Date "2019.05.20"]
[Round "5.20"]
[White "Gao, Raymond"]
[Black "Momic, Jovan"]
[Result "1-0"]
[WhiteElo "1853"]
[BlackElo "1926"]
[PlyCount "57"]
[EventDate "2019.05.18"]
[EventType "swiss"]
[EventRounds "3"]
[EventCountry "CAN"]

1. e4 c5 2. Nf3 e6 3. d4 cxd4 4. Nxd4 Nc6 5. Nc3 Nf6 6. Be3 a6 7. Be2 Bb4 8. f3
Qa5 9. O-O Bxc3 10. Nxc6 bxc6 11. bxc3 Qxc3 12. Bd4 Qa5 13. Rb1 Qg5 14. f4 Qh6
15. f5 Nxe4 16. fxe6 fxe6 17. Bh5+ g6 18. Bxh8 Qe3+ 19. Kh1 Nf2+ 20. Rxf2 Qxf2
21. Bf3 a5 22. h3 Ba6 23. Qd6 Qh4 24. Bxc6 Rd8 25. Bxd7+ Rxd7 26. Rb8+ Rd8 27.
Qxe6+ Qe7 28. Rxd8+ Kxd8 29. Bf6 1-0

[Event "Ontario op U2100"]
[Site "Oakville CAN"]
[Date "2019.05.20"]
[Round "5.21"]
[White "Hua, Michelle"]
[Black "Baylon, Glenda"]
[Result "1/2-1/2"]
[WhiteElo "1792"]
[BlackElo "1954"]
[PlyCount "118"]
[EventDate "2019.05.18"]
[EventType "swiss"]
[EventRounds "3"]
[EventCountry "CAN"]

1. c4 e6 2. g3 d5 3. Bg2 Nf6 4. Nf3 c5 5. cxd5 exd5 6. d4 c4 7. O-O Be7 8. Nc3
a6 9. Bg5 b5 10. a3 O-O 11. Ne5 Bb7 12. Bxf6 Bxf6 13. Ng4 Ra7 14. Nxf6+ Qxf6
15. Bxd5 Rd8 16. e4 Nc6 17. e5 Qe7 18. Bxc6 Bxc6 19. Qg4 Bd7 20. Qe4 Bh3 21.
Rfe1 Qd7 22. Rad1 Bf5 23. Qe3 Bd3 24. d5 Rb7 25. d6 Qe6 26. Qc5 Rc8 27. Qd5 Rd7
28. Qxe6 fxe6 29. f4 h5 30. Kg2 Kf7 31. Rc1 Rh8 32. Ne4 Bxe4+ 33. Rxe4 a5 34.
Rc2 a4 35. Kf3 g6 36. Ke3 Rc8 37. Kd4 Ke8 38. Kc3 Rb7 39. Kb4 Kd7 40. Rd4 Rf8
41. h3 Rf7 42. Rg2 Kc6 43. h4 Rg7 44. g4 hxg4 45. Rxg4 Rbf7 46. Rg5 Rb7 47. Rd2
Rbf7 48. Rd4 Rb7 49. d7 Rbxd7 50. Rxd7 Rxd7 51. Rxg6 Kd5 52. h5 Rh7 53. h6 Ke4
54. Rf6 Kd5 55. Kc3 Ke4 56. Kd2 Rd7+ 57. Kc2 Re7 58. Kd2 Rd7+ 59. Kc2 Re7
1/2-1/2

[Event "Ontario op U2100"]
[Site "Oakville CAN"]
[Date "2019.05.20"]
[Round "5.22"]
[White "Samokysh, Yevhen"]
[Black "Dong, Yiwei"]
[Result "1-0"]
[WhiteElo "1787"]
[BlackElo "1802"]
[PlyCount "191"]
[EventDate "2019.05.18"]
[EventType "swiss"]
[EventRounds "3"]
[EventCountry "CAN"]

1. Nf3 Nf6 2. c4 e6 3. g3 d5 4. d4 Be7 5. Bg2 Nbd7 6. Nc3 b6 7. Ne5 Bb7 8. Qa4
c6 9. cxd5 cxd5 10. O-O O-O 11. Nd3 a6 12. Bg5 h6 13. Bf4 Rc8 14. Qb3 Rc4 15.
e3 Nh5 16. Bf3 Nxf4 17. gxf4 Bd6 18. Ne2 Qe7 19. Ng3 b5 20. a3 Nf6 21. Rfc1
Rfc8 22. Qd1 a5 23. Be2 R4c7 24. Rxc7 Rxc7 25. Rc1 Ba6 26. Ne5 Bxe5 27. fxe5
Nh7 28. Qd2 Rxc1+ 29. Qxc1 Qb7 30. Qd2 Qb6 31. Qd3 a4 32. f4 f5 33. Nf1 Nf8 34.
Nd2 Qc6 35. Kf2 Nd7 36. Nf3 Nb6 37. Ne1 Nc4 38. Qc3 Qb6 39. Nd3 Bc8 40. Nc5 Kf7
41. Qb4 Qd8 42. Bxc4 Qh4+ 43. Kg2 Qg4+ 44. Kf2 Qh4+ 45. Kg2 Qg4+ 46. Kf1 bxc4
47. Qd2 Qf3+ 48. Qf2 Qd1+ 49. Kg2 Qg4+ 50. Kh1 Qd1+ 51. Kg2 Qg4+ 52. Qg3 Qe2+
53. Qf2 Qg4+ 54. Qg3 Qe2+ 55. Qf2 Qg4+ 56. Kf1 Qd1+ 57. Qe1 Qf3+ 58. Kg1 Qg4+
59. Kf2 Qh4+ 60. Ke2 Qxh2+ 61. Qf2 Qh5+ 62. Kd2 g5 63. fxg5 Qxg5 64. Nxa4 h5
65. Nc3 Ke7 66. Ne2 Bd7 67. Qg3 Qg4 68. Qh2 Be8 69. Nf4 h4 70. Qh3 Qg5 71. Ng2
Qg3 72. Qxh4+ Qxh4 73. Nxh4 Kd7 74. Kc3 Kc6 75. Kb4 Kb6 76. Ng2 Bc6 77. Nf4 Bd7
78. a4 Bc8 79. Nh5 Bd7 80. Nf6 Bc8 81. Ne8 Bd7 82. Nd6 Bc6 83. Nc8+ Kb7 84.
Nd6+ Kb6 85. Nc8+ Kb7 86. Nd6+ Kb6 87. Nf7 Bd7 88. a5+ Kc6 89. Nd8+ Kc7 90. Nf7
Bc8 91. Kc5 Bb7 92. Nd6 Bc6 93. a6 Bd7 94. a7 Bc6 95. Ne8+ Kd7 96. Kb6 1-0

[Event "Ontario op U2100"]
[Site "Oakville CAN"]
[Date "2019.05.20"]
[Round "5.23"]
[White "Xie, Austin"]
[Black "Sharma, Vishruth"]
[Result "0-1"]
[WhiteElo "1800"]
[BlackElo "1772"]
[PlyCount "94"]
[EventDate "2019.05.18"]
[EventType "swiss"]
[EventRounds "3"]
[EventCountry "CAN"]

1. e4 e5 2. Nf3 Nc6 3. Bc4 Nf6 4. d3 Be7 5. c3 O-O 6. Nbd2 d6 7. Nf1 Na5 8. Bb5
a6 9. Ba4 b5 10. Bc2 c5 11. Ng3 Nc6 12. O-O Be6 13. Ng5 Qc7 14. f4 Bg4 15. Nf3
d5 16. f5 dxe4 17. dxe4 Rfd8 18. Qe2 Nh5 19. Nxh5 Bxh5 20. h3 f6 21. Be3 Na5
22. g4 Bf7 23. b3 Rac8 24. Rac1 Nc6 25. Qf2 c4 26. Bb6 Qb7 27. Bxd8 Bxd8 28.
Qg2 cxb3 29. Bxb3 Bxb3 30. axb3 Na5 31. Nd2 Bb6+ 32. Kh1 Be3 33. b4 Bxd2 34.
Qxd2 Nb3 35. Qa2 Qxe4+ 36. Kh2 Qc4 37. Rb1 Na5 38. Qxa5 Qe2+ 39. Kg3 Rxc3+ 40.
Kh4 Qd2 41. Rf4 exf4 42. Rh1 f3 43. Qxa6 h5 44. Qa8+ Kh7 45. Qe8 Qg5+ 46. Kg3
h4+ 47. Kf2 Qd2+ 0-1

[Event "Ontario op U2100"]
[Site "Oakville CAN"]
[Date "2019.05.20"]
[Round "6.12"]
[White "He, Emma"]
[Black "Bui, Alan"]
[Result "1/2-1/2"]
[WhiteElo "1992"]
[BlackElo "1980"]
[PlyCount "27"]
[EventDate "2019.05.18"]
[EventType "swiss"]
[EventRounds "3"]
[EventCountry "CAN"]

1. e4 e5 2. Nf3 Nc6 3. Bc4 Nf6 4. d3 Bc5 5. c3 O-O 6. O-O d6 7. Nbd2 Bb6 8. Bb3
Ne7 9. Re1 c6 10. Nf1 Ng6 11. Ng3 Be6 12. d4 exd4 13. cxd4 d5 14. e5 1/2-1/2

[Event "Ontario op U2100"]
[Site "Oakville CAN"]
[Date "2019.05.20"]
[Round "6.13"]
[White "Bergeron, Matthew"]
[Black "Malakhovets, Sergey"]
[Result "0-1"]
[WhiteElo "1971"]
[BlackElo "2058"]
[PlyCount "68"]
[EventDate "2019.05.18"]
[EventType "swiss"]
[EventRounds "3"]
[EventCountry "CAN"]

1. e4 c6 2. d4 d5 3. Nc3 dxe4 4. Nxe4 Nf6 5. Nxf6+ exf6 6. Bf4 Qb6 7. Qe2+ Be6
8. c3 Be7 9. Nf3 Nd7 10. g3 O-O 11. Bg2 Rfe8 12. O-O a5 13. Rfd1 a4 14. Be3 Qa6
15. Qc2 b5 16. d5 Bxd5 17. Rxd5 cxd5 18. Nh4 Rad8 19. Nf5 Bc5 20. Rd1 Bxe3 21.
Nxe3 Nb6 22. Rd4 Re5 23. Bf3 Qc8 24. Rh4 h6 25. Ng4 Qf5 26. Qd1 Ree8 27. Rxh6
Qe6 28. Nxf6+ gxf6 29. Qd4 Rd6 30. Qd3 Nc4 31. Kg2 Kf8 32. Rh4 Ne5 33. Qxb5 Qd7
34. Qe2 Ng6 0-1

[Event "Ontario op U2100"]
[Site "Oakville CAN"]
[Date "2019.05.20"]
[Round "6.14"]
[White "Brajkovic, Nikola"]
[Black "Dela Torre, Marife O"]
[Result "0-1"]
[WhiteElo "2030"]
[BlackElo "2073"]
[PlyCount "92"]
[EventDate "2019.05.18"]
[EventType "swiss"]
[EventRounds "3"]
[EventCountry "CAN"]

1. e4 e5 2. Nf3 Nc6 3. d4 exd4 4. Nxd4 Nf6 5. Nxc6 bxc6 6. Bd3 d5 7. exd5 cxd5
8. O-O Be7 9. c4 d4 10. b4 O-O 11. a3 a5 12. b5 Bb7 13. Nd2 Kh8 14. Nf3 Bc5 15.
Ne5 Ne4 16. f3 Nf6 17. Qc2 Nd7 18. Nxd7 Qxd7 19. Kh1 a4 20. Bf4 f5 21. Rfe1 c6
22. h3 cxb5 23. cxb5 Bb6 24. Rac1 Bd5 25. Bd2 Rf6 26. Bb4 Bb3 27. Qd2 Re8 28.
Rxe8+ Qxe8 29. Qf4 g6 30. Bc5 Qe3 31. Qxe3 dxe3 32. Bxb6 Rxb6 33. Rc6 Rb8 34.
b6 Kg7 35. Ba6 Bd5 36. Rd6 Bb7 37. Bb5 Kh6 38. Kg1 Rc8 39. Kf1 Rc1+ 40. Ke2 f4
41. Rd7 Bc6 42. Bxc6 Rxc6 43. b7 Rb6 44. h4 Rb2+ 45. Kd1 Rb1+ 46. Ke2 g5 0-1

[Event "Ontario op U2100"]
[Site "Oakville CAN"]
[Date "2019.05.20"]
[Round "6.15"]
[White "Jacobs, Michael"]
[Black "Casareno, Erwin"]
[Result "0-1"]
[WhiteElo "1779"]
[BlackElo "2046"]
[PlyCount "80"]
[EventDate "2019.05.18"]
[EventType "swiss"]
[EventRounds "3"]
[EventCountry "CAN"]

1. e4 c5 2. Nf3 e6 3. d4 cxd4 4. Nxd4 Nf6 5. Nc3 Bb4 6. Bd3 a6 7. Bg5 h6 8. Bh4
d6 9. a3 Bc5 10. Nf3 Nbd7 11. b4 Ba7 12. Bg3 Qc7 13. Ne2 b5 14. O-O Bb7 15. Nd2
Nb6 16. Kh1 e5 17. f4 Ng4 18. fxe5 dxe5 19. Rf3 Rd8 20. h3 h5 21. Bh2 Nxh2 22.
Kxh2 Nc4 23. Bxc4 bxc4 24. Qe1 Bc8 25. Nb1 Be6 26. Nbc3 h4 27. Rd1 Bd4 28. Kh1
g5 29. Nxd4 exd4 30. Nd5 Qe5 31. Qf2 Bxd5 32. exd5 Qxd5 33. Re1+ Kf8 34. Rf5
Qd7 35. Rxg5 Rh6 36. Qf4 Qd6 37. Qg4 Rh8 38. Rh5 Qf6 39. Qf3 Qxf3 40. gxf3 Rxh5
0-1

[Event "Ontario op U2100"]
[Site "Oakville CAN"]
[Date "2019.05.20"]
[Round "6.16"]
[White "England, Max"]
[Black "McDonald, Mike"]
[Result "1-0"]
[WhiteElo "2046"]
[BlackElo "1750"]
[PlyCount "109"]
[EventDate "2019.05.18"]
[EventType "swiss"]
[EventRounds "3"]
[EventCountry "CAN"]

1. e4 c5 2. d4 cxd4 3. c3 Nf6 4. e5 Nd5 5. cxd4 e6 6. Nc3 Nxc3 7. bxc3 d6 8.
Nf3 Nc6 9. exd6 Bxd6 10. Bd3 f5 11. O-O O-O 12. Re1 Qc7 13. Qe2 b6 14. Bc4 Re8
15. d5 Ne5 16. Nxe5 Bxe5 17. Qxe5 Qxc4 18. d6 Bd7 19. Be3 Qd5 20. Qg3 e5 21.
Bh6 Qf7 22. Bg5 f4 23. Qf3 Rac8 24. Be7 Qf5 25. Qd5+ Qe6 26. Qxe6+ Bxe6 27.
Rxe5 Bd7 28. Rc1 Rc4 29. f3 Rec8 30. Re4 Rxe4 31. fxe4 h6 32. c4 Kf7 33. Kf2
Ke6 34. Ke2 Ke5 35. Kd3 Bc6 36. Re1 Bd7 37. g3 g5 38. h4 g4 39. gxf4+ Kxf4 40.
Bf8 h5 41. e5 Be6 42. Re4+ Kf5 43. Ke3 Bd7 44. Bg7 Kg6 45. Bf6 Kf7 46. Rf4 Ke6
47. Bg7 Be8 48. Kd4 Rc5 49. Rf6+ Kd7 50. e6+ Kxd6 51. Bf8+ Kc6 52. Bxc5 bxc5+
53. Ke5 Kc7 54. Rf7+ Kd8 55. Kd6 1-0

[Event "Ontario op U2100"]
[Site "Oakville CAN"]
[Date "2019.05.20"]
[Round "6.17"]
[White "Fernando, Ronald"]
[Black "Yuen, Noah"]
[Result "1/2-1/2"]
[WhiteElo "2037"]
[BlackElo "1716"]
[PlyCount "66"]
[EventDate "2019.05.18"]
[EventType "swiss"]
[EventRounds "3"]
[EventCountry "CAN"]

1. e4 c5 2. Nc3 a6 3. d3 e6 4. g3 b5 5. Bg2 Bb7 6. Nf3 Nf6 7. O-O Be7 8. e5 Nd5
9. Ne4 d6 10. exd6 Bxd6 11. Nxd6+ Qxd6 12. Ng5 Qe7 13. Re1 h6 14. Ne4 O-O 15.
a3 Nc6 16. Nc3 Nxc3 17. bxc3 Nd8 18. f3 Nc6 19. Qe2 Qf6 20. Rb1 Rad8 21. Qf2
Ne5 22. Rf1 Qe7 23. Be3 Rc8 24. h3 Ng6 25. Rfe1 c4 26. d4 Qxa3 27. Qd2 Qe7 28.
h4 Qf6 29. h5 Ne7 30. Qf2 Nd5 31. Bd2 Qf5 32. f4 Qxh5 33. Re5 f5 1/2-1/2

[Event "Ontario op U2100"]
[Site "Oakville CAN"]
[Date "2019.05.20"]
[Round "6.18"]
[White "Bu, Kevin"]
[Black "Zheng, Kevin"]
[Result "1/2-1/2"]
[WhiteElo "1951"]
[BlackElo "1908"]
[PlyCount "55"]
[EventDate "2019.05.18"]
[EventType "swiss"]
[EventRounds "3"]
[EventCountry "CAN"]

1. d4 Nf6 2. Nf3 g6 3. Bf4 Bg7 4. h3 d5 5. e3 O-O 6. Bd3 c5 7. c3 b6 8. O-O Bb7
9. Nbd2 Nbd7 10. Re1 Ne4 11. a4 Re8 12. Qc2 f5 13. Ne5 Nxe5 14. Bxe5 Bxe5 15.
dxe5 Ng5 16. f4 Ne6 17. Nf3 c4 18. Be2 Nc5 19. Nd4 Rc8 20. Ra3 Bc6 21. Rd1 Qc7
22. Kh2 Qd7 23. Rda1 a5 24. R1a2 e6 25. Bd1 Rc7 26. Qe2 Rec8 27. Bc2 Qe8 28.
Qf2 1/2-1/2

[Event "Ontario op U2100"]
[Site "Oakville CAN"]
[Date "2019.05.20"]
[Round "6.19"]
[White "Locham, Divjot"]
[Black "Gao, Raymond"]
[Result "0-1"]
[WhiteElo "1685"]
[BlackElo "1853"]
[PlyCount "80"]
[EventDate "2019.05.18"]
[EventType "swiss"]
[EventRounds "3"]
[EventCountry "CAN"]

1. e4 c5 2. Nf3 d6 3. Bb5+ Nd7 4. O-O a6 5. Bxd7+ Bxd7 6. c3 Nf6 7. Re1 e6 8.
d4 cxd4 9. cxd4 d5 10. e5 Ne4 11. Nbd2 Nxd2 12. Bxd2 Be7 13. Bc3 O-O 14. Rc1 b5
15. Qb3 Qb6 16. Rc2 b4 17. Rec1 Qa5 18. Bd2 Ba4 19. Qd3 Bxc2 20. Qxc2 Qd8 21.
Qa4 Rc8 22. Qxa6 Rxc1+ 23. Bxc1 Qc8 24. Qf1 Qc2 25. a3 Rc8 26. Be3 b3 27. Qa1
Bxa3 28. h3 Bxb2 29. Qa6 Bc1 30. Nd2 Bxd2 31. Bxd2 b2 32. Kh2 b1=Q 33. h4 Rb8
34. Be3 Qe4 35. Bg5 h6 36. Be7 Kh7 37. f3 Qee1 38. Qa7 Kg6 39. h5+ Kf5 40. Bb4
Qh4# 0-1